Η έννοια της διαφορετικότητας στις κωμωδίες του Αριστοφάνη : διπλωματική εργασία [μεταπτυχιακή εργασία]
Αποθηκεύτηκε σε:
| Κύριος συγγραφέας: | |
|---|---|
| Συγγραφή απο Οργανισμό/Αρχή: | |
| Μορφή: | Thesis Βιβλίο |
| Γλώσσα: | Greek |
| Δημοσίευση: |
2016.
|
| Θέματα: | |
| Διαθέσιμο Online: | http://hdl.handle.net/11610/22202 |
| Ετικέτες: |
Προσθήκη ετικέτας
Δεν υπάρχουν, Καταχωρήστε ετικέτα πρώτοι!
|
MARC
| LEADER | 00000cam a2200000 a 4500 | ||
|---|---|---|---|
| 001 | 1/113418 | ||
| 008 | 170316s2016####gr | ||| |||| ||gre|| | ||
| 040 | |a GR-MyUa |b gre |c GR-MyUa |e AACR2 | ||
| 041 | 0 | |a gre | |
| 082 | 7 | |a 882.21 |2 (23) | |
| 100 | 1 | |a Λέκκας, Κωνσταντίνος. | |
| 245 | 1 | 2 | |a Η έννοια της διαφορετικότητας στις κωμωδίες του Αριστοφάνη : |b διπλωματική εργασία [μεταπτυχιακή εργασία] / |c Λέκκας Κωνσταντίνος ; επιβλέπων καθηγητής: Παπαδόπουλος Ιωάννης. |
| 260 | |c 2016. | ||
| 300 | |a 99 σ. ; |c 30 εκ. | ||
| 500 | |a Μέλη εξεταστικής επιτροπής: Γκασούκα Μαρία, Παπαδάτος Ιωάννης. | ||
| 502 | |a Διατριβή (μεταπτυχιακή) – Πανεπιστήμιο Αιγαίου, Ρόδος, 2016. | ||
| 504 | |a Βιβλιογραφία: σ. 98-99. | ||
| 506 | 1 | |a Διάθεση μόνο λέξεων κλειδιών - περιλήψεων. | |
| 600 | 0 | 7 | |2 nlgaf |a Αριστοφάνης, |d π. 450-π. 385. |
| 650 | 0 | |a Greek drama (Comedy) |x History and criticism. | |
| 650 | 0 | |a Literature, Ancient |x History and criticism. | |
| 650 | 0 | |a People with disabilities |x Fiction. | |
| 700 | 1 | |a Παπαδόπουλος, Ιωάννης, |e dgs | |
| 710 | 1 | |a Πανεπιστήμιο Αιγαίου |b Σχολή Ανθρωπιστικών Επιστημών |b Τμήμα Επιστημών της Προσχολικής Αγωγής και του Εκπαιδευτικού Σχεδιασμού |b Μεταπτυχιακό Πρόγραμμα Σπουδών Παιδικό Βιβλίο και Παιδαγωγικό Υλικό. | |
| 852 | |a INST |b RHODES |c DIATR |e 20170316 |h 882.21 ΛΕΚ |p 005400039199 |q 005400039199 |t MTXE |y 23 | ||
| 856 | |u http://hdl.handle.net/11610/22202 | ||
| 924 | |a Λέκκας |b Κωνσταντίνος |y Ρόδος |z 2016-10 | ||
| 970 | |z 16-03-2017 | ||